000 00944nac a22002897a 4500
001 BR8303888
003 BR-BrBNA
005 20240105115807.0
008 230509b bl.|||m| |||| 00| 0 por d
040 _aBR-BrBNA
_bpor
_cBiblioteca Nacional de Agricultura
072 _aE10; F00; L00
090 _aE10 BR8303888
110 1 _aSecretaria Nacional de Producao Agropecuaria, Brasilia, DF (Brasil)
_99224
245 1 _aRelatorio de atividades, 1982 [Secretaria Nacional de Producao Agropecuaria, Brasil]
260 3 _aBrasilia, DF (Brasil):
_c1983.
300 _a96 p.
490 _aRelatorio - Secretaria Nacional de Producao Agropecuaria (Brazil)
_v
_x
500 _a20 tables
650 _aPRODUCAO ANIMAL
650 _aPRODUCAO VEGETAL
650 _aRECURSO ECONOMICO
650 _aINSPECAO SANITARIA
650 _aORCAMENTO
650 _aRECEITA
909 _a202312
_bLúcia Elande
_c55
_dLúcia Elande
942 _2AGRIS
_n0
_cMS
999 _c276420
_d276420